000 00296nam a22001097a 4500
008 140211t xxu||||| |||| 00| 0 eng d
020 _a1-55963-093-0
100 _aBruce Babbitt
_9702
245 _aCities in the wilderness
_ba new vision of land use in america
300 2 _a200 p. ;
942 _2ddc
_cBK
999 _c16961
_d16961